Fr. Conceicao Rodrigues College of Engineering

Inside Autocad (Record no. 32821)

MARC details
000 -LEADER
fixed length control field 00264nam a2200133Ia 4500
082 ## - DEWEY DECIMAL CLASSIFICATION NUMBER
Classification number 4.3
100 ## - MAIN ENTRY--PERSONAL NAME
Personal name Raker/D/ Rice/H
245 ## - TITLE STATEMENT
Title Inside Autocad
260 ## - PUBLICATION, DISTRIBUTION, ETC.
Name of publisher, distributor, etc. New Riders
Place of publication, distribution, etc. Dubai
Date of publication, distribution, etc. 1989
546 ## - LANGUAGE NOTE
Language note ENGLISH
654 ## - SUBJECT ADDED ENTRY--FACETED TOPICAL TERMS
Focus term Autocad
942 ## - ADDED ENTRY ELEMENTS (KOHA)
Koha item type BOOK
Holdings
Withdrawn status Lost status Damaged status Not for loan Collection Home library Current library Date acquired Cost, normal purchase price Total Checkouts Full call number Barcode Date last seen Cost, replacement price Price effective from Koha item type Shelving location Source of acquisition
        CRC Fr. Agnel's C.Rodrigues College of Engineering Fr. Agnel's C.Rodrigues College of Engineering 17/03/2023 295.00   4.3 4837 17/03/2023 295.00 17/03/2023 BOOK    
        CRC Fr. Agnel's C.Rodrigues College of Engineering Fr. Agnel's C.Rodrigues College of Engineering 17/03/2023 295.00   4.3 4838 17/03/2023 295.00 17/03/2023 BOOK    
        CRC Fr. Agnel's C.Rodrigues College of Engineering Fr. Agnel's C.Rodrigues College of Engineering 17/03/2023 300.00   4.3 PAN 5833 17/03/2023 300.00 17/03/2023 BOOK   global books